LEADER 01506nam a2200265 4500 001 991002981589707536 005 20250430125929.0 008 941026s1780 enk b 000 0 fre 035 $ab14264006-39ule_inst 035 $aCICOGNARA-0506$9ExL 040 $aBibl. Interfacoltà T. Pellegrino$bita 041 0 $afre 100 1 $aBachaumont, Louis Petit :$cde$d<1690-1771>$0530091 245 10$aLettres sur les peintures, sculptures et gravures de mrs. de l'Academie royale, exposées au Sallon du Louvre depuis MDCLXVII jusqu'en MDCCLXXIX.$cCommencées par feu M. de Bachaumont... et despuis sa mort continuées par un homme de lettre célebre... 260 $aA Londres,$bchez John Adamson,$c1780. 300 $a332 p.; $c17 cm. 500 $aRiproduzione in microfiche dell'originale conservato presso la Biblioteca Apostolica Vaticana 787 18$iLeopoldo Cicognara Program :$tBiblioteca Cicognara$h[microform] : literary sources in the history of art and kindred subjects 787 18$tCatalogo ragionato dei libri d'arte e d'antichità / Leopoldo Cicognara 907 $a.b14264006$b01-04-22$c28-07-16 912 $a991002981589707536 945 $aLE002 SB Raccolta Cicognara, mcrf 1133$g0$lle002$pE0.00$rn$so $t11$u0$v0$w0$x0$y.i15734833$z28-07-16 996 $aLettres sur les peintures, sculptures et gravures de mrs. de l'Academie royale, exposées au Sallon du Louvre depuis MDCLXVII jusqu'en MDCCLXXIX$91388487 997 $aUNISALENTO 998 $ale002$b28-07-16$cm$dg $e-$ffre$genk$h0$i1 LEADER 02609oas 2200997 a 450 001 9910770298003321 005 20251105213014.0 011 $a2090-2387 035 $a(DE-599)ZDB2502114-X 035 $a(DE-599)2502114-X 035 $a(OCoLC)428026188 035 $a(CONSER) 2012250788 035 $a(CKB)1000000000320164 035 $a(EXLCZ)991000000000320164 100 $a20090728a20009999 uy a 101 0 $aeng 135 $aur||||||||||| 181 $ctxt$2rdacontent 182 $cc$2rdamedia 183 $acr$2rdacarrier 200 00$aArab journal of gastroenterology 210 $a[Cairo?] $c[publisher not identified] 210 3 $a[Amsterdam] $cElsevier B.V 215 $a1 online resource 300 $aRefereed/Peer-reviewed 311 08$a1687-1979 517 1 $aMajallah al-?Arabi?yah al-jiha?z al-had?m 517 1 $aArab JG 531 0 $aArab. j. gastroenterol. 606 $aGastroenterology$vPeriodicals 606 $aDigestive organs$xDiseases$vPeriodicals 606 $aDigestive System Diseases 606 $aGastroenterology 606 $aGastroente?rologie$vPe?riodiques 606 $aAppareil digestif$xMaladies$vPe?riodiques 606 $aDigestive organs$xDiseases$2fast$3(OCoLC)fst00893593 606 $aGastroenterology$2fast$3(OCoLC)fst00938842 608 $aPeriodical. 608 $aPeriodicals.$2fast 608 $aPeriodicals.$2lcgft 615 0$aGastroenterology 615 0$aDigestive organs$xDiseases 615 2$aDigestive System Diseases. 615 2$aGastroenterology. 615 6$aGastroente?rologie 615 6$aAppareil digestif$xMaladies 615 7$aDigestive organs$xDiseases. 615 7$aGastroenterology. 676 $a616.3 712 02$aPan-Arab Association of Gastroenterology 801 0$bOH1 801 1$bTEF 801 2$bOCLCQ 801 2$bCUS 801 2$bVRC 801 2$bOCLCQ 801 2$bBUF 801 2$bOCLCF 801 2$bOCLCQ 801 2$bOCLCO 801 2$bOCLCQ 801 2$bEZC 801 2$bOCLCO 801 2$bU3W 801 2$bAU@ 801 2$bOCLCO 801 2$bWYU 801 2$bOCLCO 801 2$bOCLCA 801 2$bTKN 801 2$bVT2 801 2$bOCLCO 801 2$bOCLCA 801 2$bCUS 801 2$bOCLCQ 801 2$bOCLCO 801 2$bOCLCQ 801 2$bUAB 801 2$bOCLCL 801 2$bADU 801 2$bOCLCL 801 2$bOCLCQ 906 $aJOURNAL 912 $a9910770298003321 996 $aArab journal of gastroenterology$91892448 997 $aUNINA